LDR 00697naa#a2200157#i#450# 001 RU\\bibl\118143 005 20260415061651.3 011 ## _a2413-2527 100 ## _a20260325b2026####ek#y0rusy0150####ca 102 ## _aRU 200 1# _aСмагин Владимир Александрович _eЖурнальная статья 210 1# _aСанкт-Петербург _cФГБОУ ВО "Петербургский государственный университет путей сообщения Императора Александра I" _d2026 215 ## _a1 с. 608 ## _aЖурнальная статья _2local 700 #1 _aСмагин _gВладимир Александрович 856 4# _aitt-pgups.ru _u